Desarrollo web con php y mysql : guía práctica para usuarios /

Guardado en:
Autor Principal: Gallego Vázquez, José Antonio
Formato: Libro
Publicado: Madrid : Anaya Multimedia, 2003
Materias:
Php
Etiquetas: Agregar Etiqueta
Sin Etiquetas, Sea el primero en etiquetar este registro!
LEADER 00676nam a22002295a 4500
001 CEM.cems014060
008 130507s2003##################000#0#####d
005 20210705180257.0
003 CEMS
245 1 0 |a Desarrollo web con php y mysql :  |b guía práctica para usuarios /  |c José Antonio Gallego Vázquez 
260 |a Madrid :  |b Anaya Multimedia,  |c 2003 
300 |a 288 p. 
590 |a 1154.013 
020 |a 8441515255 
100 1 |a Gallego Vázquez, José Antonio 
653 |a Computación 
653 |a Desarrollo web 
653 |a Páginas web-creación 
653 |a Php 
653 |a Mysql 
653 |a Biblioteca TC 
859 |a CEMS  |b BIB. CEMS - 11 de abril  |h TC  |p 1154.013  |t Ej.1